000 01450nam2a22002771 4500
001 rc\3929075
005 20250611025059.0
021 _aRU
_b[52-3644]
035 _a(NLR Aleph) 008031032
090 _a8821191
_c8821191
100 _a20130415d1951 |||y0rusy50 ca
101 1 _arus
_cspa
102 _aRU
105 _ab z |||||
200 0 _a[Т.] 2
_fСокр. пер. с исп. Е.Н. Глушицкой [и др.]
_gПод ред. и с предисл. З.В. Мосиной
210 _aМосква
_cИзд-во иностр. лит.
_d1951
215 _a360 с., 5 л. карт
_cкарт.
320 _aБиблиогр.: с. 272-329
461 0 _1001rc\3929073
_12001#$aИстория Испании$fСокр. пер. с исп. Е.А. Вадковской и О.М. Гармсен$gПод ред. С.Д. Сказкина и Я.М. Света$gПредисл. Я.М. Света [с. V-XX. Т.] 1-$v[Т.] 2
_1700#1$aАльтамира-и-Кревеа$bР.$f1866-1951$gРафаэль
_98821180
_aАльтамира-и-Кревеа, Р. (1866-1951)
_cМосква
_d1951
_fСокр. пер. с исп. Е.А. Вадковской и О.М. Гармсен
_nИзд-во иностр. лит.
_tИстория Испании
_v[Т.] 2
702 1 _aГлушицкая
_bЕ.Н.
_4730
702 1 _aМосина
_bЗ.В.
_4340
_4080
801 0 _aRU
_bNLR
_gpsbo
801 1 _aRU
_bELAR
_2rusmarc
852 _aNLR
_jИ62 Г-7/1
942 _cBOOK
980 _aNB